000 00714nam a22002417a 4500
003 UA-OsUOA
001 125361
007 ta
008 20170914b un ||||| |||| 00| 0 ukr d
100 _aКиплинг Р.
090 _a821.161.1
_bК42
942 _cBK
040 _aUA-OsUOA
_brus
_cUA-OsUOA
_dUA-OsUOA
245 _aВосток есть Восток
_bрассказы, путевые заметки, стихи
300 _a462 с.
955 _a3
041 _arus
080 _a821.161.1
020 _a5-280-01427-3
260 _aМ.
_bХудожественная литература
_c1991
650 7 _a82 Література. Літературознавство
_2UDC
999 _c412596
_d412596